Central Library OPAC University of Rajshahi

A further study of visual perception / (Record no. 29010)

MARC details
000 -LEADER
fixed length control field 00647nam a22002171a 4500
001 - CONTROL NUMBER
control field 29010
003 - CONTROL NUMBER IDENTIFIER
rucl marc code BD-RjUL
005 - DATE AND TIME OF LATEST TRANSACTION
control field 20211209051347.0
008 - FIXED-LENGTH DATA ELEMENTS--GENERAL INFORMATION
fixed length control field 140301r19541952enk 001 0 eng d
035 ## - SYSTEM CONTROL NUMBER
System control number (BD-RjUL)29095
040 ## - CATALOGING SOURCE
Original cataloging agency NZOC
Language of cataloging eng
Transcribing agency NZOC
Modifying agency BD-RjUL
041 ## - LANGUAGE CODE
Language code of text/sound track or separate title eng
082 00 - DEWEY DECIMAL CLASSIFICATION NUMBER
Classification number 152.137
Author mark and year VEF 1954
100 1# - MAIN ENTRY--PERSONAL NAME
Personal name Vernon, M. D.
Fuller form of name (Magdalen Dorothea),
Dates associated with a name 1901-
9 (RLIN) 88613
245 12 - TITLE STATEMENT
Title A further study of visual perception /
Statement of responsibility, etc. by M.D. Vernon.
260 ## - PUBLICATION, DISTRIBUTION, ETC. (IMPRINT)
Place of publication, distribution, etc. Cambridge :
Name of publisher, distributor, etc. Cambridge University Press,
Date of publication, distribution, etc. 1952 [Reprinted 1954].
300 ## - PHYSICAL DESCRIPTION
Pagination x, 289 p. ;
Size 22 cm.
504 ## - BIBLIOGRAPHY, ETC. NOTE
Bibliography, etc Includes index.
650 #0 - SUBJECT ADDED ENTRY--TOPICAL TERM
Topical term or geographic name as entry element Perception.
9 (RLIN) 88614
942 ## - ADDED ENTRY ELEMENTS (KOHA)
Source of classification or shelving scheme Dewey Decimal Classification
Koha item type Books
Holdings
Lost status Source of classification or shelving scheme Damaged status Not for loan Collection code Permanent Location Current Location Shelving location Date acquired Source of acquisition Cost, normal purchase price Total Checkouts Full call number Date last seen Copy number Koha item type
  Dewey Decimal Classification   Added to bundle Non-fiction Central Library, University of Rajshahi Central Library, University of Rajshahi Reading Room 02/01/1961 Mirza Book Agency 18.75   152.137 VEF 1954 01/04/2014 C-1 Books